00573nam a2200145Ia 4500008004100000020001800041041000800059082002800067100004000095245002800135260004500163300000900208999001900217952019100236230411s9999 xx 000 0 und d a0 7216 6492 X aeng aF/610.73/VAU/JOB/B05026 aVaughan Beth & Jobnson Mary9178410 aFamily Nursing Practice bW B Saunders CompanyaPhiladelphiac1998 a368p c155562d155562 001040708FaBTINbBTINd2008-03-08eB.J.Medical Co-oprative College Storesg375.00i1806l0oF 610.73 VAU JOB B05026pBTIN-BK-5026r2023-04-11 00:00:00v375.00w2008-03-08yBKzB05026